| Tag |
First Indicator |
Second Indicator |
Subfields |
| LEADER |
00000nam a2200000Ia 4500 |
| 001 |
in00004293713 |
| 005 |
20200810081254.0 |
| 006 |
m g d |
| 007 |
cr bn |||a|bb| |
| 008 |
851211s1683 enk o 00| | eng d |
| 035 |
|
|
|a (OCoLC)12895526
|
| 040 |
|
|
|a EAA
|c EAA
|d m/c
|d EAA
|d WaOLN
|
| 037 |
|
|
|a CL0037000029
|b ProQuest Information and Learning. 300 N. Zeeb Rd., Ann Arbor, MI 48106
|
| 043 |
|
|
|a e-uk-en
|
| 049 |
|
|
|a UMIA
|
| 100 |
1 |
|
|a Hascard, Gregory.
|
| 245 |
1 |
2 |
|a A discourse about edification :
|b in answer to a question, whether it is lawful for any man to forsake the communion of the Church of England, and go to the separate meetings, because he can better edifie there?
|
| 260 |
|
|
|a London :
|b Printed by Henry Hills, Jun. for Fincham Gardiner ...,
|c 1683.
|
| 300 |
|
|
|a 1 online resource ([2], 28 pages)
|
| 336 |
|
|
|a text
|b txt
|2 rdacontent
|
| 337 |
|
|
|a computer
|b c
|2 rdamedia
|
| 338 |
|
|
|a online resource
|b cr
|2 rdacarrier
|
| 500 |
|
|
|a Attributed to Gregory Hascard. Cf. BM.
|
| 500 |
|
|
|a Reproduction of original in Huntington Library.
|
| 510 |
4 |
|
|a Wing
|c H1108
|
| 510 |
4 |
|
|a Arber's Term Cat.
|c II, 14
|
| 533 |
|
|
|a Electronic reproduction.
|b Ann Arbor, Mich. :
|c UMI,
|d 1999-
|f (Early English books online)
|n Digital version of: (Early English books, 1641-1700 ; 919:6)
|7 s1999 miun s
|
| 650 |
|
0 |
|a Dissenters, Religious
|z England
|v Early works to 1800.
|
| 650 |
|
0 |
|a Lord's Supper
|v Early works to 1800.
|
| 650 |
|
0 |
|a Lord's Supper
|x Church of England
|v Early works to 1800.
|
| 830 |
|
0 |
|a Early English books online.
|
| 856 |
4 |
0 |
|u http://proxy.library.tamu.edu/login?url=https://search.proquest.com/docview/2240880216
|z Connect to the full text of this electronic book
|t 0
|
| 999 |
f |
f |
|s 04d14ccf-b721-3465-a735-f377ddee6e5a
|i d465fe04-49e6-3765-b39b-f6dcfbf09e77
|t 0
|
| 952 |
f |
f |
|a Texas A&M University
|b College Station
|c Electronic Resources
|d Available Online
|t 0
|h No information provided
|
| 998 |
f |
f |
|t 0
|l Available Online
|